personnages One Piece par Emoji - Statistiques

Statistiques générales
  • Ce quiz a été pris 180 fois
  • Le résultat moyen est 26 sur 45
Statistiques - réponses
Emojis Réponses % Correct
🗡️🗡️🗡️💚 Roronoa Zoro
96%
🤖🥤⚙️🆒 Franky
93%
👒🍖😁🦶 Monkey D. Luffy
93%
🐊🏜️💀🚬 Crocodile
88%
👵🍰👑🍭 Big Mom, Charlotte Linlin
85%
🧭🌩️🍊💰 Nami
85%
🤡🧩✂️📢 Baggy le Clown
82%
🦇🕸️👻 Gecko Moria
80%
🐉🔥💪👑 Kaidou aux Cent Bêtes
80%
🌋😡⚖️ Sakazuki Akainu
79%
💀🎸 Brook
77%
🦌🩺💉 Tony Tony Chopper
77%
🐟🌊 Jinbe
68%
🌺📚 Nico Robin
68%
👃🦒🗡️ Kaku
66%
🔥🧢🌪️🍩 Portgas D. Ace
66%
⚡👂🥁👼 Ener
64%
👑💙👸💧 Nefertari Vivi
64%
👑🏴‍☠️⚔️ Gold D. Roger
63%
🧊🧥 Kuzan Aokiji
63%
🎩🔥 Sabo
61%
🔬🧠 Vega Punk
61%
👞💘🍷 Vinsmoke Sanji
61%
🦈💊🔪 Hody Jones
58%
👮‍♂️💨⚪🐺 Smoker
58%
🔫🎭👃 Usopp
56%
💘😍🗿 Boa Hancock
55%
🏠🔄🩺 Trafalgar D. Water Law
55%
🔪🦈 Arlong
54%
🐻👣 Bartholomew Kuma
49%
🦊🎲📡 Foxy
48%
🧵🌸👑💗 Don Quichotte Doflamingo
43%
👁️🗡️ Dracule Mihawk
43%
🐎✨ Cavendish
41%
⚓🌍💥 Barbe Blanche
38%
😈🌑☠️🧠 Marshall D. Teach
37%
🃏🔮 Basil Hawkins
33%
🕶️🌞🍌🟡 Borsalino Kizaru
33%
👹🍰 Charlotte Katakuri
33%
🕵️‍♂️⚔️🐘 Spandam
33%
🧱💚🖕 Bartoloméo
32%
🍶⚔️🦰 Shanks
30%
🦾⚡ Eustass "Captain" Kid
23%
🏰🗿 Pica
19%
🌌👁️‍🗨️ Issho Fujitora
11%
Aucun quiz correspondant
Distribution des résultats
% des personnes avec chaque résultat
Percentile par nombre de réponses
Votre historique - résultats
Vous n’avez pas pris ce quiz